| 000 | 01072nam a2200361Ic 4500 | ||
|---|---|---|---|
| 001 | 58466 | ||
| 003 | CO-BoRNBP | ||
| 005 | 20250822211153.0 | ||
| 007 | ta | ||
| 008 | 190708s2005 sp a g 000 0 spa | ||
| 020 | _a8424178696 | ||
| 040 |
_aCO-BoRNBP _bspa _erda _cCO-BoRNBP |
||
| 041 | _aspa | ||
| 084 | _aN | ||
| 100 |
_aDefoe, Daniel _eaut |
||
| 245 | 1 | 0 |
_aRobinson Crusoe / _cDaniel Defoe ; traducción Tradutex. |
| 250 | _aQuinta edición | ||
| 264 | 1 |
_aLeón, España : _bEverest, _c2005 |
|
| 300 |
_a186 páginas : _bilustraciones |
||
| 336 |
_2rdacontent _atexto _btxt |
||
| 337 |
_2rdamedia _asin mediación _bn |
||
| 338 |
_2rdacarrier _avolumen _bnc |
||
| 490 | 0 | _aClásicos de bolsillo | |
| 650 | 0 | 7 |
_aAventuras en la literatura _vNovela _2LEMB _963279 |
| 650 | 0 | 4 |
_aLiteratura juvenil inglesa _2LEMB |
| 650 | 0 | 7 |
_aNaufragios _vNovela _2LEMB |
| 650 | 0 | 4 |
_aNovela juvenil inglesa _2LEMB _91873 |
| 650 | 0 | 7 |
_aSupervivencia _vNovela _2lemb _963280 |
| 655 |
_aNovela _963194 |
||
| 655 |
_aNovela _963194 |
||
| 655 |
_aNovela _963194 |
||
| 942 |
_2loc _cBKLIT |
||
| 999 |
_c58466 _d58466 |
||